Taqrīb al-sīrah al-nabawīyah. (Record no. 45721)

MARC details
000 -LEADER
fixed length control field 00674cam a22002291 4500
001 - CONTROL NUMBER
control field ne 63000636
003 - CONTROL NUMBER IDENTIFIER
control field DLC
005 - DATE AND TIME OF LATEST TRANSACTION
control field 20260227111743.0
008 - FIXED-LENGTH DATA ELEMENTS--GENERAL INFORMATION
fixed length control field 890514s1961 ua 000 0 ara
010 ## - LIBRARY OF CONGRESS CONTROL NUMBER
LC control number ne 63000636
035 ## - SYSTEM CONTROL NUMBER
System control number (OCoLC)23495630
040 ## - CATALOGING SOURCE
Original cataloging agency DLC
Transcribing agency MiU
Modifying agency AzU
-- DLC
042 ## - AUTHENTICATION CODE
Authentication code premarc
050 00 - LIBRARY OF CONGRESS CALL NUMBER
Classification number BP75
Item number .I2 1961
100 1# - MAIN ENTRY--PERSONAL NAME
Personal name Ibn Hishām, ʻAbd al-Malik,
Dates associated with a name -834.
245 10 - TITLE STATEMENT
Title Taqrīb al-sīrah al-nabawīyah.
250 ## - EDITION STATEMENT
Edition statement al-Ṭabʻah 1.
260 ## - PUBLICATION, DISTRIBUTION, ETC.
Place of publication, distribution, etc. Miṣr,
Name of publisher, distributor, etc. Muṣṭafá al-Babī al-Halabī,
Date of publication, distribution, etc. 1961
300 ## - PHYSICAL DESCRIPTION
Extent 596 p.
Dimensions 24 cm.
600 00 - SUBJECT ADDED ENTRY--PERSONAL NAME
Personal name Muḥammad,
Titles and other words associated with a name Prophet,
Dates associated with a name -632.
700 1# - ADDED ENTRY--PERSONAL NAME
Personal name Shabrāwī, Muḥammad ibn ʻAbd al-ʻAzīz Ismāʻil.

No items available.

Powered by Koha